Intisari tatanama: (Record no. 89540)

MARC details
000 -LEADER
fixed length control field 00984cam a22002411 4500
001 - CONTROL NUMBER
control field sa 68020652
003 - CONTROL NUMBER IDENTIFIER
control field DLC
005 - DATE AND TIME OF LATEST TRANSACTION
control field 20260227112726.0
008 - FIXED-LENGTH DATA ELEMENTS--GENERAL INFORMATION
fixed length control field 760504s1966 io 000 0 ind
010 ## - LIBRARY OF CONGRESS CONTROL NUMBER
LC control number sa 68020652
035 ## - SYSTEM CONTROL NUMBER
System control number (OCoLC)2154829
040 ## - CATALOGING SOURCE
Original cataloging agency DLC
Transcribing agency OAU
Modifying agency DLC
042 ## - AUTHENTICATION CODE
Authentication code premarc
050 00 - LIBRARY OF CONGRESS CALL NUMBER
Classification number QD7
Item number .L45 1966
110 2# - MAIN ENTRY--CORPORATE NAME
Corporate name or jurisdiction name as entry element Lembaga Bahasa dan Kesusastraan.
Subordinate unit Komisi Istilah.
245 10 - TITLE STATEMENT
Title Intisari tatanama:
Remainder of title kimia anorganik dan kimia organik.
260 ## - PUBLICATION, DISTRIBUTION, ETC.
Place of publication, distribution, etc. Djakarta,
Name of publisher, distributor, etc. Balai Pustaka,
Date of publication, distribution, etc. 1966.
300 ## - PHYSICAL DESCRIPTION
Extent 116 p.
Dimensions 18 cm.
500 ## - GENERAL NOTE
General note 1956 ed. issued by the body under its earlier name (Lembaga Bahasa dan Budaja) under title: Intisari tatanama: kimia anorganik dan kimia organik beserta kamus istilah kimia.
504 ## - BIBLIOGRAPHY, ETC. NOTE
Bibliography, etc. note Includes bibliographical references.
650 #0 - SUBJECT ADDED ENTRY--TOPICAL TERM
Topical term or geographic name entry element Chemistry
General subdivision Terminology.
710 1# - ADDED ENTRY--CORPORATE NAME
Corporate name or jurisdiction name as entry element Djakarta.
Subordinate unit Universitas Indonesia.
-- Lembaga Bahasa dan Budaja.
Title of a work Intisari tatanama: kimia anorganik dan kimia organik beserta kamus istilah kimia.

No items available.

Powered by Koha